000 00269nam a2200109Ia 4500
008 190216s9999||||xx |||||||||||||| ||und||
100 _aLowis J Batton
245 0 _aRadar Observes The Weather
260 _bVakils Feffer & Simons Pvt.
650 _aEnglish
942 _cBK
999 _c12267
_d12267